000 01089cab a2200229 4500
001 X1255
008 090401t1994 xxu||||| |||| 00| 0 eng d
035 _a(Sirsi) u15839
041 _aeng
245 _aGateshead MBC v SoS for the Environment, Evans of Leeds and Safeway plc
260 _c1994
350 _a0
490 _aJournal of Planning and Environment Law
_v1994 JPL 55-63(9)
520 _aQBD 29 September 1992. Superstore development - development plan policies - section 54a - material considerations - economic viability of nearby shopping centres - reduction of land supply for employment generating uses - irrationality - inadequacy of reasons - structure plan - technical conflict of development - PPG6 - potentially a material consideration - substantial prejudice to local authority. (Headnote form journal)
650 _aDEVELOPMENT PLANS
650 _aPLANNING POLICY GUIDANCE NOTE 6
650 _aSHOPPING CENTRES
650 _aTOWN AND COUNTRY PLANNING ACT 1990 S54A
690 _aPLANNING LAW AND PRACTICE-CASE LAW
942 _n0
948 _c04/03/1997
999 _c10424
_d10424